000
00240nam a2200097 a 4500
005
20200930063142.0
008
110701s1954 000 spa d
245
0
_a
GeografĂa universal y de las antillas.
260
_c
1954.
999
_c
31242
_d
31242
040
_a
DO-SdBNP